000 00525nam a2200181Ia 4500
003 GCL
008 140319s9999 xx 000 0 ara d
040 _aGCL /
_cGCL
082 0 4 _a001.61
_bن و
100 1 _aنهاد رزق الله
245 1 0 _aدراسات منهجية فى تحليل النصوص /
_cنهاد رزق الله
260 _a[S.N] :
_bالمؤسسة الحديثة للكتاب ،
_c1984
300 _a51
490 _a
650 0 4 _aطرق البحث
650 0 4 _aالبحوث
942 _2ddc
_cBK
999 _c33183
_d33183